[Event "Tata Steel-A 77th"]
[Site "Wijk aan Zee"]
[Date "2015.01.11"]
[Round "2"]
[White "Hou, Yifan"]
[Black "Ding, Liren"]
[Result "0-1"]
[WhiteElo "2673"]
[BlackElo "2732"]
[Annotator "Mokal,P"]
[PlyCount "116"]
[EventDate "2015.01.10"]
[EventType "tourn"]
[EventRounds "13"]
[EventCountry "NED"]
[EventCategory "20"]
[SourceTitle "CBM 165"]
[Source "ChessBase"]
[SourceDate "2015.03.11"]
[SourceVersion "1"]
[SourceVersionDate "2015.03.11"]
[SourceQuality "1"]

1. e4 c6 2. d4 d5 3. exd5 cxd5 4. c4 Nf6 5. Nc3 Nc6 6. Bg5 Be6 7. Nge2 {
A very rare move. Popular moves in this position are 7.a3, 7.Be2, 7.Bxf6 and 7.
Nf3.} dxc4 8. Nf4 Nxd4 9. Nxe6 Nxe6 10. Bxc4 Qxd1+ {Clearly the safer approach.
Black is not bothered about winning a piece as the risks are very high.} ({
The first recorded game of this sideline played way back in 1966 saw a very
interesting classical battle} 10... Nxg5 11. Qa4+ Nd7 12. O-O-O a6 13. Rxd7 $1
Qxd7 14. Bb5 axb5 15. Qxa8+ Qd8 16. Qxb7 e5 $6 ({Subsequently Black improved
with} 16... f6 $142 17. Rd1 Qa5 18. f4 Ne6 19. f5 Nd8 (19... Nc7 20. Qc6+ Kf7
21. Rd7 $36) 20. Qd7+ Kf7 21. Qd5+ e6 22. Qxd8 (22. Qd7+ $5) 22... Qxd8 23.
Rxd8 b4 24. Nb5 exf5 $11 {1/2-1/2 Mortensen,E (2420)-Fette,M (2320)/Malmo 1987/
EXT 2002 (46)}) 17. Qxb5+ $2 (17. Rd1 $142 $1 Bd6 (17... Qa5 18. Qd7#) 18.
Qxb5+ Qd7 (18... Ke7 19. f4 $1 $16) 19. Rxd6 Qxb5 20. Nxb5 $16) 17... Qd7 18.
Qxe5+ Ne6 19. Rd1 Qb7 20. f4 Be7 21. f5 O-O 22. fxe6 Qxg2 23. exf7+ Rxf7 24.
Qe6 Qf3 $2 (24... Qxh2 $1 25. Rf1 $4 Qh6+ $1 $18) 25. Ne4 h6 26. Rd7 Qh1+ 27.
Rd1 Qf3 28. Nd6 Bg5+ $4 (28... Bxd6 $1 $11) 29. Kc2 Qc6+ 30. Kb1 {1-0
Velimirovic,D-Ciric,D 1966}) 11. Rxd1 a6 ({In the game Braeuning-Fraas,
Dresden 2001 White failed to gain anything significant after} 11... Nd8 $5 12.
Ke2 (12. Nb5 $5 Rc8 13. Bb3 a6 14. Na7 Rb8 (14... Rc7 15. Bf4 Rd7 16. O-O e6
17. Rxd7 Nxd7 18. Ba4) 15. O-O) 12... a6 13. Rd2 e6 14. Bxf6 gxf6 $13 15. Rhd1
Bb4 16. Rd7 Bxc3 17. bxc3 Rc8 18. Bb3 Rg8 19. c4 Rg5 $15 {0-1 Braeuning,R 
(2319)-Fraas,H (2165)/Dresden 2001/EXT 2004 (45)}) 12. Bxe6 fxe6 13. O-O {
In return for the pawn, White has better development and Black's shattered
pawn structure as compensation. But Black is solid and White cannot really
make any inroads, so this compensation should be enough only for equality.
White would like to get in Re1 and Na4-Nc5. Getting the N to e5 would
definitely be on White's wish list, but unfortunately right now it is too far
away from that square.} h6 14. Bc1 {Avoiding the loss of tempo that would
happen after 14.Bf4 g5 and also not blocking the e-file with Be3.} (14. Bf4 g5
15. Be5 Bg7 16. Ne2 Kf7 17. Nd4 Rhd8 18. Rde1 a5 (18... Rd5 $5 $15) 19. f4 $13
{0-1 Charbonneau,P (2235)-Drozdov,I (2440)/Montreal 1998/EXT 1999 (49)}) (14.
Be3 g6 (14... g5 15. Bd4 Bg7 16. Rfe1 Kf7 $11) 15. Na4 Bg7 16. Nb6 Rb8 17. Bf4
Rd8 18. Rxd8+ Kxd8 19. Be5 Ke8 20. Rd1 Kf7 21. f3 Nd5 {1/2-1/2 Quinn,M (2381)
-Cherniaev,A (2454)/Port Erin 2000/CBM 078 ext}) 14... g5 ({After} 14... g6 {
White could continue the same way as in the game} 15. Rfe1 Kf7 16. Na4 Rc8 17.
b4 Nd5 18. Bb2 Bg7 19. Bxg7 Kxg7 20. a3 b6 21. Rxe6 $11) 15. f4 g4 (15... gxf4
{is not bad, although it gives an extra option to the White Rs. They could
manoeuvre on the ranks. Lets have a look at some possible variations} 16. Rxf4
Rc8 (16... Rg8 17. Rc4 $5 $44) 17. Rb4 b5 18. a4 Nd5 19. Re4 bxa4 20. Rxe6 Nxc3
21. bxc3 a5 22. Rde1 {[%csl Rc3][%cal Gb2h8]} Rg8 23. R6e4 Rxc3 24. Rxa4 Rc2
25. g3 $11 {[%csl Ra5]}) 16. Na4 Rc8 17. b4 {[%csl Gc5][%cal Gb2b4,Gc3a4,Ga4c5,
Gc1b2,Gb2h8] This is the optimum arrangement of pieces White had in mind with
the move 14.Bc1.} Kf7 18. Nc5 ({White could have simplified matters with} 18.
Rfe1 Rc6 (18... Nd5 19. Bb2 (19. a3 Bg7 20. Nc5 Bc3 21. Re2 b6 22. Nxe6 Bxb4 $1
23. axb4 $2 Nc3 $19) 19... Rg8 20. f5 $1 {[%csl Rd5]} Rg5 (20... Nxb4 21. fxe6+
Kg6 22. Re4 Nxa2 23. Nb6 Rc2 24. Rxg4+ Kh7 25. Rxg8 Kxg8 26. Rd8 Rxb2 27. Nd7
Kg7 28. Rxf8 Kg6 29. Ne5+ $36 {It is Black who has to worry here.}) 21. fxe6+
Kg6 22. a3 $11) (18... Bg7 19. Nc5 Nd5 20. Nxe6 Bc3 21. Bd2 Bxd2 22. Rxd2 Nxb4
23. Rd7 Rhe8 (23... b5 24. Nd4 Rhe8 25. Nf5 $11) 24. Rxb7 $11) 19. Nc5 Rb6 20.
a3 $11 {[%cal Gc1e3]}) 18... b6 19. Nd3 {[%csl Ge5] If not c5 then e5.} (19.
Nxa6 $6 Bg7 {[%csl Gc3][%cal Gf6d5,Gd5c3,Gc3e2,Gc3a2,Gc3b5] The white N will
struggle to come back into play and Black has a clear plan of ...Nd5-Nc3.} 20.
f5 {[%csl Rd5] Fighting for the key square.} (20. b5 Nd5 21. f5 Nc3 22. Rde1
exf5 23. Rxf5+ Kg6 $15 {[%csl Ra2,Rb5,Gc3,Re2]}) 20... exf5 21. Rxf5 Kg6 22.
Rf4 Rhd8 $15 {Black pieces are placed much better.}) 19... Nd7 20. Be3 ({
The bishop exchange does not promise anything special for White} 20. Bb2 Bg7
21. Bxg7 Kxg7 22. Rfe1 Kf7 {and Black is doing fine.}) ({White could have
looked for a draw with} 20. Nf2 Nf6 21. Nd3 {although Black could think about
continuing with} Nd5 22. Ne5+ Ke8 23. a3 Rg8 {Black keeps some chances of an
edge.}) 20... b5 21. Ne5+ $6 {[%csl Re3,Gf8] A questionable decision. White
jumps into an endgame with dark squared Bs but in the ensuing pawn structure,
Black will have better control of the light squares, a good B and a more
active K compared to White. An endgame with only two results possible is
always welcome for Black at such a high level of play.} (21. Nf2 $142 $5 Nf6
22. Nd3 Nd5 23. Ne5+ Ke8 24. Bc5 Rg8 (24... h5 25. f5 $14) 25. Rde1 Bg7 26. f5
exf5 27. Rxf5 $11) 21... Nxe5 22. fxe5+ Kg6 23. Rd7 ({White could have put up
more resistance with} 23. Bc5 {for example} h5 (23... Bg7 24. Bxe7 Rhe8 (24...
Bxe5 25. Rfe1 Rhe8 (25... Kf5 26. Rf1+ Kg6 27. Rfe1 $11) 26. Rxe5 Rxe7 27. Rd6
Rc1+ 28. Kf2 Rc2+ 29. Re2 Rf7+ 30. Ke1 Rxe2+ 31. Kxe2 Kf5 32. Rxa6 $11) 25. Bf6
Bf8 26. a3 Rc3 27. Bd8 Be7 28. Bxe7 Rxe7 29. Rf6+ Kg7 30. Rd6 Rxa3 31. Rfxe6
Rxe6 32. Rxe6 h5 33. Kf2 $11) (23... Rc7 24. h3 $5 gxh3 25. Rd3 $1 $132 {
[%cal Gd3g3]}) 24. Rd7 Bg7 25. Rxe7 Rhe8 26. Rb7 Bxe5 27. Rb6 Ra8 28. Re1 Kf5
29. Rf1+ Kg5 30. Re1 Bb2 31. Rbxe6 Rxe6 32. Rxe6 $11) 23... Bg7 24. Rxe7 Rhe8
$1 25. Ra7 (25. Rxe8 Rxe8 26. Rc1 Kf5 (26... Bxe5 27. Rc6) 27. Rc6 Ra8 {
[%csl Re5]} 28. Bd4 Rd8 29. Bc3 Rd1+ 30. Kf2 Rc1 31. Rc5 Rc2+ 32. Ke3 Rxa2 $19)
25... Rc6 $17 {[%csl Re5] From here onwards Black displays flawless technique.}
26. Rc1 Rec8 27. Rxc6 Rxc6 28. Bd4 h5 29. a3 Bh6 30. Bc5 Bf4 31. h3 gxh3 32.
gxh3 Bxe5 33. Rd7 Bb2 34. Rd3 e5 35. Kf2 e4 36. Rb3 Bc1 37. Rc3 Bb2 38. Rb3 Bc1
39. Rc3 Bg5 40. Ke2 Kf5 41. a4 Be7 42. axb5 axb5 43. Ke3 Bxc5+ 44. bxc5 (44.
Rxc5+ Rxc5 45. bxc5 Ke5 $19) 44... Ke5 45. Rc1 Kd5 46. Rd1+ Kxc5 47. Kxe4 Re6+
{Cutting off the king.} 48. Kf4 b4 49. Rc1+ Kb5 50. Rb1 Rg6 51. Re1 b3 52. Re5+
Kb4 53. Re8 b2 54. Rb8+ Kc3 55. Rc8+ Kb3 56. Rb8+ Kc2 57. Rc8+ Kb1 58. Rh8 Rb6
0-1

[Event "Gibraltar Masters 13th"]
[Site "Caleta"]
[Date "2015.01.27"]
[Round "1"]
[White "Hou, Yifan"]
[Black "Cordes, Hans Joerg"]
[Result "1-0"]
[WhiteElo "2673"]
[BlackElo "2262"]
[Annotator "Schulz,Andre"]
[PlyCount "77"]
[EventDate "2015.01.27"]
[EventType "swiss"]
[EventRounds "10"]
[EventCountry "GGB"]
[SourceTitle "CBM 165"]
[Source "ChessBase"]
[SourceDate "2015.03.11"]
[SourceVersion "1"]
[SourceVersionDate "2015.03.11"]
[SourceQuality "1"]

1. e4 e6 2. d4 d5 3. Nc3 Nf6 4. e5 (4. Bg5 dxe4 5. Nxe4 Be7 6. Bxf6 gxf6 7. Nf3
f5 8. Nc3 a6 9. g3 b5 10. Bg2 Bb7 11. O-O c5 12. dxc5 Qxd1 13. Rfxd1 Bxc5 14.
Ne5 Bxg2 15. Kxg2 Ke7 16. Ne2 Rc8 17. Rd2 Ra7 18. Rad1 a5 19. Nf4 a4 20. a3 Nc6
21. Nxc6+ Rxc6 22. c3 Rd6 23. Rxd6 Bxd6 24. Ne2 e5 25. f4 f6 26. Re1 Kf7 27.
Kf3 Bc5 28. Rd1 Ke6 29. Rd8 Rd7 30. Rxd7 e4+ 31. Kg2 Kxd7 32. g4 fxg4 33. Ng3
Be3 {0-1 (33) Haubt,G (2239)-Cordes,H (2267) Germany 2014}) 4... Nfd7 5. f4 c5
6. Nf3 Nc6 7. Be3 Be7 {Der neueste Trend in der klassischen Variante. Schwarz
entwickelt isch einfach weiter und hält die Spannung im Zentrum aufrecht.} ({
Andere Varianten:} 7... a6) (7... cxd4) (7... Qb6) 8. Qd2 O-O (8... a6 {
hat Cordes auch schon probiert:} 9. dxc5 Nxc5 10. Be2 b5 11. a3 Bb7 12. O-O Ne4
13. Nxe4 dxe4 14. Nd4 Qc7 15. Nb3 O-O 16. Nc5 Rfd8 17. Qc3 Bxc5 18. Bxc5 Ne7
19. b4 Nf5 20. a4 bxa4 21. Rxa4 Qc6 22. Ra3 Rd5 23. g4 Nh4 24. Be3 Qd7 25. Qa1
Rd8 26. Kf2 Rd2 27. Bxd2 Qxd2 28. Qc1 e3+ 29. Rxe3 Qd5 30. Rg3 Qd4+ 31. Qe3
Qxb4 32. Rgg1 h5 33. Kg3 g5 34. f5 {1-0 (34) Poetsch,H (2426)-Cordes,H (2289)
Korbach 2013}) 9. Be2 {Weiß kann hier nicht wie sonst in vielen Varianten
üblich lang rochieren, weil sie nach 9...c4 im Angriff am Damenflügel im Nu
unter die Räder käme.} b6 ({Vor drei Jahren erst war auch Viktor Kortschnoj
noch im Caleta-Hotel aktiv:} 9... a6 10. O-O b5 11. a3 Qc7 12. Rad1 Bb7 13. Kh1
Rac8 14. dxc5 Nxc5 15. Nd4 Ne4 16. Nxe4 dxe4 17. c3 Bc5 18. Nxc6 Qxc6 19. Bxc5
Qxc5 20. Qd4 Bd5 21. Qxc5 Rxc5 22. Rd4 f6 23. exf6 gxf6 24. Kg1 Bc6 25. Rfd1
Kf7 26. Rd8 a5 27. Rxf8+ Kxf8 28. Kf2 Ke7 29. Ke3 f5 30. Kd4 Rd5+ 31. Ke3 Rc5
32. Kd4 {1/2-1/2 (32) Karim,I (2405)-Kortschnoj,V (2558) Caleta 2012}) 10. O-O
f5 (10... Bb7 11. Rad1 Rc8 12. Kh1 f6 13. dxc5 Nxc5 14. exf6 Bxf6 15. Nd4 Nxd4
16. Bxd4 Bxd4 17. Qxd4 Qf6 18. Kg1 Qg6 19. Bd3 Qf6 20. Be2 Qg6 21. Bd3 Qf6 22.
Be2 {1/2-1/2 (22) Giri,A (2734)-Morozevich,A (2736) Beijing 2013}) (10... f6
11. exf6) 11. exf6 Nxf6 12. Kh1 Ne4 {Diagramm [#] Bisher selten gespielt.} ({
Hier wurden schon eine Reihe von Zügen ausprobiert.} 12... Bb7) (12... Qc7) ({
oder} 12... Bd6) 13. Qe1 Bb7 {Ein neuer Zug.} (13... Bf6 14. Rd1 cxd4 15. Nxd4
Nxd4 16. Bxd4 Bxd4 17. Rxd4 Qf6 18. Qd1 Nd6 19. Rxd5 exd5 20. Qxd5+ Be6 21.
Qxd6 Rad8 22. Qc6 Bf5 23. Bc4+ Kh8 24. Qxf6 Rxf6 25. Bb3 Rfd6 26. Kg1 Rd2 27.
Nb1 Rd1 28. Na3 Be4 29. Nc4 Rxf1+ 30. Kxf1 Rd1+ 31. Kf2 Rc1 32. Ne3 g6 33. h3
Rb1 34. Nc4 Rc1 35. Ne3 b5 36. a4 a6 37. axb5 axb5 38. c3 Kg7 39. Ke2 Rb1 40.
Nd1 Bxg2 41. h4 Bh3 42. Bc2 Ra1 43. Ne3 Ra2 44. b4 Kh6 45. Ke1 Kh5 46. Bd3 Bd7
47. Nd5 Kxh4 48. Nf6 Bf5 49. Bxb5 h5 50. Bc6 Kg3 51. b5 Kxf4 52. b6 Ke5 53. b7
Rb2 54. Nd5 Kd6 55. Nb4 Kc7 56. Bf3 Rxb4 57. cxb4 h4 58. Kf2 g5 59. Bd5 g4 60.
Bc6 Bc2 61. Kg2 Bd3 62. b5 g3 63. Kh3 Bf1+ 64. Kxh4 g2 65. Bxg2 Bxg2 {1/2-1/2 
(65) Klein,F (2297)-Poetsch,H (2402) Bad Homburg 2010}) 14. dxc5 Nxc3 (14...
Bxc5 $5 15. Nxe4 dxe4 16. Bxc5 bxc5 17. Ng5 Nd4 18. Rd1 Qe7 (18... Nxc2 $2 19.
Qh4 $18) 19. Bc4 Bd5 $11) 15. Qxc3 bxc5 16. Bxc5 Rxf4 17. Nd4 Rxf1+ 18. Rxf1
Bxc5 19. Qxc5 Nxd4 20. Qxd4 Qd6 21. Bg4 e5 $11 {Das Spiel steht völlig gleich.
Aber Schwarz schafft es in der Folge nicht, au seinen Zentrumsbauern Kapital
zu schlagen, während Weiß mit ihren Damenflügelbauern vorgeht.} 22. Qf2 Qe7
23. c3 Bc6 24. h3 Rd8 25. Re1 Re8 26. Bd1 g6 27. a4 Rf8 (27... a5 28. Qb6 $14)
28. Qe3 Kg7 ({Computer says:} 28... a5 29. Qb6 Qh4 30. Rg1 Bd7 31. Qe3 Qf4 $11)
29. b4 (29. Qxe5+ $2 Qxe5 30. Rxe5 Rf1+ $19) 29... Re8 30. b5 Ba8 31. a5 $14
Qd7 32. Qc5 d4 {Droht nun Matt, beginnend mit Dxh3.} 33. Bg4 ({Genauer war} 33.
Kg1) 33... Qf7 34. Kg1 (34. cxd4 $2 h5 35. Bd1 Qf2 {mit schwarzem Gegenspiel:}
36. Qc7+ Kh8 37. Re2 Qf1+ 38. Kh2 Qf4+ 39. Kh1 $11) 34... Qf4 35. cxd4 h5 {
Der kritische Punkt. Schwarz droht immer Dd2 mit Angriff auf g2 und den Te1.
Weiß hat nun keine Zeit mehr, den Läufer wegzuziehen.} (35... Qd2 $2 36. Re2
Qxa5 37. Bd7 $18) 36. Qxa7+ (36. Bd1 $4 Qd2 37. Rf1 Qxg2#) 36... Kh6 37. dxe5
hxg4 38. Qe3 Kg5 $4 {Stellt die schöne Partie ein.} 39. h4+ (39. h4+ Kf5 40.
Qd3+ (40. Rf1 $18) 40... Ke6 41. Qd6+ Kf7 42. e6+ $18) 1-0

[Event "Hawaii GM Blitz"]
[Site "Honolulu"]
[Date "2015.03.20"]
[Round "1"]
[White "Kojima, Shinya"]
[Black "Hou, Yifan"]
[Result "0-1"]
[WhiteElo "2403"]
[BlackElo "2686"]
[Annotator "CB"]
[PlyCount "78"]
[EventDate "2015.03.20"]
[EventType "tourn (blitz)"]
[EventRounds "6"]
[EventCountry "USA"]
[EventCategory "14"]
[SourceTitle "CBM 165 Extra"]
[Source "ChessBase"]
[SourceDate "2015.04.21"]
[SourceVersion "1"]
[SourceVersionDate "2015.04.21"]
[SourceQuality "1"]

1. Nf3 c5 2. c4 g6 3. e4 Nc6 4. d4 cxd4 5. Nxd4 Nf6 6. Nc3 d6 7. Be2 Nxd4 8.
Qxd4 Bg7 9. Bg5 O-O 10. Qd2 a5 11. Rc1 a4 12. O-O Be6 13. Rfd1 Qa5 14. f3 Rfc8
15. Nb5 Qd8 16. Bf1 Qf8 17. Be3 Nd7 18. Nd4 Nc5 19. Qf2 Bd7 20. Kh1 h6 21. Rb1
f5 22. exf5 gxf5 23. Ne2 Ne6 24. Nf4 Nxf4 25. Bxf4 Qf6 26. Bd2 Qf7 27. Be3 f4
28. Bd4 Bf5 29. Rbc1 Rc6 30. Bxg7 Qxg7 31. Rd4 a3 32. b3 e5 33. Rd5 Rf8 34.
Rcd1 e4 35. fxe4 Bxe4 36. Rxd6 Rxd6 37. Rxd6 f3 38. g3 Qb2 39. Rd2 $4 {
Completely missing the opponent's reply} (39. Kg1 $14 {White's extra pawn
gives him the better chances, though Black has plenty of resources, no doubt.})
39... Qxd2 {oops!} (39... Qxd2 40. Qxd2 f2+ 41. Bg2 f1=Q#) 0-1

[Event "Hawaii GM Blitz"]
[Site "Honolulu"]
[Date "2015.03.20"]
[Round "2"]
[White "Hou, Yifan"]
[Black "Shankland, Samuel L"]
[Result "1/2-1/2"]
[WhiteElo "2686"]
[BlackElo "2661"]
[PlyCount "131"]
[EventDate "2015.03.20"]
[EventType "tourn (blitz)"]
[EventRounds "6"]
[EventCountry "USA"]
[EventCategory "14"]
[SourceTitle "CBM 165 Extra"]
[Source "ChessBase"]
[SourceDate "2015.04.21"]
[SourceVersion "1"]
[SourceVersionDate "2015.04.21"]
[SourceQuality "1"]

1. b3 d5 2. Bb2 Bf5 3. Nf3 e6 4. e3 Nf6 5. Be2 h6 6. c4 c6 7. Nc3 Bd6 8. cxd5
exd5 9. d3 O-O 10. O-O Re8 11. Qc2 Nbd7 12. Rad1 Qe7 13. Rfe1 Rad8 14. h3 Ne5
15. Nd2 Bh7 16. e4 dxe4 17. Ncxe4 Bb4 18. Nxf6+ Qxf6 19. a3 Ba5 20. b4 Bb6 21.
Nf3 Nxf3+ 22. Bxf3 Rxe1+ 23. Rxe1 Bd4 24. Bxd4 Qxd4 25. Be4 Bxe4 26. dxe4 Qd2
27. Re2 Qxc2 28. Rxc2 a6 29. Rc3 f6 30. g3 Kf7 31. Kg2 Ke6 32. Kf3 g5 33. h4
gxh4 34. gxh4 h5 35. Ke3 Rd1 36. Rc5 Ra1 37. Ra5 Ra2 38. f3 Rb2 39. Kf4 Rb3 40.
Rxh5 Rxa3 41. Rh7 b5 42. h5 Rb3 43. h6 Rxb4 44. Rc7 Rb1 45. Rxc6+ Ke7 46. Rxa6
Rh1 47. h7 Kf7 48. Rb6 Rxh7 49. Rxb5 Kg6 50. Kg4 Rh1 51. Rb2 Rg1+ 52. Kf4 Ra1
53. Rg2+ Kf7 54. Rd2 Ra5 55. Rd5 Ra3 56. Rh5 Kg6 57. Rh3 Ra5 58. Rg3+ Kf7 59.
Rg1 Ra3 60. Kg4 Ke6 61. Re1 Ra4 62. f4 Ra5 63. Rb1 Ra4 64. Rb6+ Kf7 65. Kf5
Ra5+ 66. e5 1/2-1/2

[Event "Hawaii GM Blitz"]
[Site "Honolulu"]
[Date "2015.03.20"]
[Round "3"]
[White "Gareyev, Timur"]
[Black "Hou, Yifan"]
[Result "0-1"]
[WhiteElo "2604"]
[BlackElo "2686"]
[PlyCount "69"]
[EventDate "2015.03.20"]
[EventType "tourn (blitz)"]
[EventRounds "6"]
[EventCountry "USA"]
[EventCategory "14"]
[SourceTitle "CBM 165 Extra"]
[Source "ChessBase"]
[SourceDate "2015.04.21"]
[SourceVersion "1"]
[SourceVersionDate "2015.04.21"]
[SourceQuality "1"]

1. d4 Nf6 2. c4 e6 3. Nc3 Bb4 4. e3 O-O 5. Bd3 c5 6. d5 d6 7. Nge2 exd5 8. cxd5
Nbd7 9. O-O Re8 10. e4 Rb8 11. a4 a6 12. Ng3 Qc7 13. Bf4 Ne5 14. Rc1 Bd7 15.
Be2 b5 16. axb5 axb5 17. Bg5 Neg4 18. f3 h6 19. fxg4 hxg5 20. Rxf6 gxf6 21. Nh5
Qd8 22. Qf1 f5 23. h4 f4 24. Bxb5 Bxc3 25. bxc3 Bxb5 26. Qf3 Re5 27. Rb1 Ba4
28. Rxb8 Qxb8 29. hxg5 Qb1+ 30. Kh2 Qc1 31. Nxf4 Rxg5 32. Nh5 Rg6 33. e5 Qg5
34. Qf5 Qh4+ 35. Kg1 0-1

[Event "Hawaii GM Blitz"]
[Site "Honolulu"]
[Date "2015.03.22"]
[Round "4"]
[White "Hou, Yifan"]
[Black "Kojima, Shinya"]
[Result "1-0"]
[WhiteElo "2686"]
[BlackElo "2403"]
[Annotator "CB"]
[PlyCount "47"]
[EventDate "2015.03.20"]
[EventType "tourn (blitz)"]
[EventRounds "6"]
[EventCountry "USA"]
[EventCategory "14"]
[SourceTitle "CBM 165 Extra"]
[Source "ChessBase"]
[SourceDate "2015.04.21"]
[SourceVersion "1"]
[SourceVersionDate "2015.04.21"]
[SourceQuality "1"]

1. e4 c6 2. c4 d5 3. exd5 Nf6 4. Nc3 cxd5 5. cxd5 Nxd5 6. Nf3 Nxc3 7. bxc3 g6
8. d4 Bg7 9. Bd3 O-O 10. O-O Nc6 11. Re1 Qc7 12. a4 b6 13. Ba3 Re8 14. d5 Ne5
15. Bb5 Rd8 16. Qe2 Nxf3+ $2 {Not good.} (16... Bg4 $1 {Would have put a
serious question on White's plans. Black is now ready to take with the bishop
on f3, shattering the pawn structure and retaining his defense in the center.})
17. Qxf3 Qxc3 18. Bxe7 $1 {Well calculated. Black has threats, but White is
faster.} Qxf3 19. gxf3 Bxa1 20. Bxd8 {Material is even but the passed d-pawn
is a real problem.} Bd7 $1 {A nice resource to keep afloat, this prevents Re8+.
} 21. Be7 Bc3 $2 {The losing move.} (21... Bxb5 22. axb5 Bg7 $1 23. d6 Bf8 $1 {
Was the only way to continue. Here Black is under some pressure still but he
should have enough resources to draw.}) 22. Rc1 Bxb5 23. axb5 Be5 24. d6 {
The pawn will simply queen on d8 now.} 1-0

[Event "Hawaii GM Blitz"]
[Site "Honolulu"]
[Date "2015.03.22"]
[Round "5"]
[White "Shankland, Samuel L"]
[Black "Hou, Yifan"]
[Result "0-1"]
[WhiteElo "2661"]
[BlackElo "2686"]
[Annotator "CB"]
[PlyCount "70"]
[EventDate "2015.03.20"]
[EventType "tourn (blitz)"]
[EventRounds "6"]
[EventCountry "USA"]
[EventCategory "14"]
[SourceTitle "CBM 165 Extra"]
[Source "ChessBase"]
[SourceDate "2015.04.21"]
[SourceVersion "1"]
[SourceVersionDate "2015.04.21"]
[SourceQuality "1"]

1. e4 c5 2. Nf3 d6 3. d4 cxd4 4. Nxd4 Nf6 5. Nc3 a6 6. Be3 e5 7. Nb3 Be6 8. f3
Be7 9. Qd2 O-O 10. O-O-O Nbd7 11. g4 b5 12. g5 b4 13. gxf6 bxc3 14. Qxc3 Nxf6
15. Na5 Qd7 16. Qc6 Rfc8 17. Qxd7 Nxd7 18. b3 f5 19. Bc4 Bxc4 20. Nxc4 Rc6 21.
exf5 Rf8 22. f4 Rxf5 23. fxe5 Nxe5 24. Nxe5 Rxe5 25. Rhe1 Bh4 26. Re2 d5 27.
Kd2 Rce6 28. Kd3 $2 {White had to be very careful of the pins... and skeweres!}
(28. c3 Rxe3 29. Rxe3 Bg5 30. Rde1 Rh6 31. R1e2 Rh3 $1 {and Black wins a pawn,
but the endgame is far from clear.}) 28... d4 29. Bf2 (29. Kxd4 Rxe3 30. Rxe3
Rd6+ $1 {must be the trick that Shankland missed. The skewer wins a piece.} (
30... Bf2 {leads to nothing for Black, as White defends with the beautiful} 31.
Rde1 {and Black is lost.})) 29... Rxe2 30. Bxh4 Rxh2 31. Be1 Rh3+ 32. Kd2 h5 {
The material difference is too big.} 33. Bf2 Rh2 34. Rf1 Rf6 35. Ke2 g5 0-1

[Event "Hawaii GM Blitz"]
[Site "Honolulu"]
[Date "2015.03.22"]
[Round "6"]
[White "Hou, Yifan"]
[Black "Gareyev, Timur"]
[Result "1/2-1/2"]
[WhiteElo "2686"]
[BlackElo "2604"]
[PlyCount "67"]
[EventDate "2015.03.20"]
[EventType "tourn (blitz)"]
[EventRounds "6"]
[EventCountry "USA"]
[EventCategory "14"]
[SourceTitle "CBM 165 Extra"]
[Source "ChessBase"]
[SourceDate "2015.04.21"]
[SourceVersion "1"]
[SourceVersionDate "2015.04.21"]
[SourceQuality "1"]

1. e4 g6 2. d4 Bg7 3. Nc3 d6 4. Nf3 a6 5. Be3 Nd7 6. Qd2 h6 7. a4 b6 8. Bd3 e6
9. O-O Bb7 10. h3 Ne7 11. Nh2 Nf6 12. Ng4 Nxg4 13. hxg4 h5 14. g5 c5 15. d5
exd5 16. Nxd5 Bxd5 17. exd5 O-O 18. c4 Qd7 19. Bf4 a5 20. Ra3 Rfe8 21. Re1 Nf5
22. Rxe8+ Rxe8 23. Bxf5 Qxf5 24. Bxd6 Qb1+ 25. Kh2 Bd4 26. Rf3 Re4 27. Rf4 Re1
28. Kg3 Rd1 29. Qe2 Re1 30. Qf3 Rf1 31. Qe2 Re1 32. Qf3 Rf1 33. Qe2 Re1 34. Qf3
1/2-1/2